Hugo Grotius und das Weltschiedsgericht / (Record no. 126101)

MARC details
000 -LEADER
campo de control de longitud fija 00416nam a2200157 4500
001 - NÚMERO DE CONTROL
campo de control 126101
003 - IDENTIFICADOR DE NÚMERO DE CONTROL
campo de control ES-MaACL
005 - FECHA Y HORA DE LA ÚLTIMA TRANSACCIÓN
campo de control 20230906192744.0
007 - CAMPO FIJO DE DESCRIPCIÓN FÍSICA--INFORMACIÓN GENERAL
campo de control de longitud fija t|
008 - DATOS DE LONGITUD FIJA--INFORMACIÓN GENERAL
campo de control de longitud fija 070214s1922 gw r ||||1| ger d
100 1# - ENTRADA PRINCIPAL--NOMBRE DE PERSONA
Nombre de persona Reiner, Julius.
9 (RLIN) 96047
245 10 - MENCIÓN DEL TÍTULO
Título Hugo Grotius und das Weltschiedsgericht /
Mención de responsabilidad, etc. von Dr. Julius Reiner.
260 ## - PUBLICACIÓN, DISTRIBUCIÓN, ETC.
Lugar de publicación, distribución, etc. Berlin :
Nombre del editor, distribuidor, etc. Simion,
Fecha de publicación, distribución, etc. 1922.
300 ## - DESCRIPCIÓN FÍSICA
Extensión 93 p.
852 ## - LOCALIZACIÓN
Ubicación ES-MaACL
Número de control de estantería 1636-F-7
Holdings
Estatus retirado Estado de pérdida Estado de daño No para préstamo Colección Biblioteca de origen Biblioteca actual Ubicación en estantería Fecha de adquisición Fuente de adquisición Total de préstamos Signatura topográfica completa Código de barras Visto por última vez Precio de reemplazo Tipo de ítem Koha
        Colección de folletos Biblioteca del Ateneo de Madrid Biblioteca del Ateneo de Madrid Depósito folletos 17/01/2008     1636-F-7 1131349 23/02/2023 23/02/2023 Folleto